Farmacología (Registro nro. 312392)

Detalles MARC
000 -ENCABEZADO
Número de control [NR] 00797 a2200241 4500
005 - FECHA Y HORA DE LA ÚLTIMA TRANSACCIÓN
control field 20190611114343.0
008 - DE LONGITUD FIJA DE DATOS DE ELEMENTOS - INFORMACIÓN GENERAL
Elementos de longitud fija [NR] 190611s2010 ck ||||| |||| 00| 0 spa d
020 ## - NUMERO INTERNACIONAL NORMALIZADO PARA LIBROS [R]
Número Internacional Normalizado del libro [NR] 9788498352177 (6a.Ed.)
040 ## - FUENTE DE CATALOGACION [NR]
Agencia de catalogación original [NR] CO-BoUCM
Idioma de catalogación [NR] spa
Quien Cataloga Saul Niño
Quien Clasifica Saul Niño
041 1# - CODIGO DE IDIOMA [R]
Código de idioma para texto/pista de sonido o título separado [R] Español
060 ## - SIGNATURA TOPOGRAFICA DE LA BIBLIOTECA NACIONAL DE MEDICINA (NLM) [R]
Número clasificador [R] QV 4
100 10 - ASIENTO PRINCIPAL--NOMBRE PERSONAL [NR]
Nombre personal [NR] Lüllmann, Heinz
ID Autoridad 97110
245 10 - MENCION DE TITULO [NR]
Título [NR] Farmacología
Parte restante del título [NR] texto y atlas
Mención de responsabilidad, etc. [NR] Heinz Lullman, Klaus Mohr, Lutz Hein
260 ## - PUBLICACION, DISTRIBUCION, ETC. (PIE DE IMPRENTA) [R]
Lugar de publicación, distribución, etc. [R] Bogotá (Colombia)
Nombre del editor, distribuidor, etc. [R] Medica Panamericana
Fecha de publicación, distribución, etc. [R] 2010
300 ## - DESCRIPCION FISICA [R]
Extensión [R] ix, 394 páginas
650 #7 - ASIENTO SECUNDARIO DE MATERIA - TERMINO TEMATICO [R]
9 (RLIN) 15577
Término temático o nombre geográfico como elemento de entrada [NR] Farmacología
Subdivisión de forma [R] Atlas
650 #7 - ASIENTO SECUNDARIO DE MATERIA - TERMINO TEMATICO [R]
9 (RLIN) 19122
Término temático o nombre geográfico como elemento de entrada [NR] Medicamentos
Subdivisión de forma [R] Atlas
650 #7 - ASIENTO SECUNDARIO DE MATERIA - TERMINO TEMATICO [R]
Término temático o nombre geográfico como elemento de entrada [NR] Enfermedades
Subdivisión general [R] Tratamiento
9 (RLIN) 29933
700 10 - ASIENTO SECUNDARIO - NOMBRE PERSONAL [R]
Nombre personal [NR] Mohr, Klaus
9 (RLIN) 97111
700 10 - ASIENTO SECUNDARIO - NOMBRE PERSONAL [R]
Nombre personal [NR] Hein, Lutz
9 (RLIN) 97112
765 ## - ASIENTO DE IDIOMA ORIGINAL [R]
Título [NR] Taschenatlas pharmakologie
942 ## - ELEMENTOS DE ENTRADA AGREGADOS (KOHA)
Tipo de ítem principal el descrito en 300a Libro
Sistema de clasificación NLM
Tema principal Medicina
Edición 6
Clasificación QV 4
Parte restante de la signatura top. L791f
Existencias
Fecha de último préstamo Total préstamos Total Renewals Signatura topográfica Código de barras Última vez visto Volúmen / Fascículo Ejemplar Costo de reposición Price effective from Tipo de ítem Perdido Sistema de clasificación Dañado No prestable Tipo de ítem específico Suprimido Ubicación habitual Ubicación actual Localización Fecha de creación Proveedor Forma de adquisición Costo
09/09/2025 21 7 QV 4 L791f 100160334 12/12/2025 6a.Ed. Ej.1 106500.00 15/05/2019 Libro   NLM     Libro   Quinta de Mutis Quinta de Mutis 1er piso 15/05/2019 34 Compra 106500.00